Statistics for 2010s Movie Quotes Quiz

Click here to take the quiz!

General Stats

  • This quiz has been taken 13 times
  • The average score is 4 of 15

Answer Stats

QuoteMovie% Correct
If you guys were the inventors of Facebook, you'd have invented Facebook.The Social Network
77%
I used to think that my life was a tragedy, but now I realise, it’s a comedy.Joker
54%
I can do this all day.Captain America: The First Avenger
46%
In _________, black boys look blue.Moonlight
46%
Now you're in the sunken place.Get Out
46%
Is this your king?Black Panther
38%
Mankind was born on Earth. It was never meant to die here.Interstellar
38%
Not quite my tempo.Whiplash
38%
Dread it, run from it, destiny arrives, all the same.Avengers: Infinity War
15%
Oh, what a day. What a lovely day!Mad Max: Fury Road
15%
Which would be worse – to live as a monster, or to die as a good man?Shutter Island
15%
Above all, I am a man, a hopelessly inquisitive man, just like you.The Master
0%
Pain reminds you the joy you felt was real.Blade Runner 2049
0%
There are two ways through life : the way of nature, and the way of grace.The Tree of Life
0%
There is only one way this war ends.1917
0%

Score Distribution

Percentile by Number Answered

Percent of People with Each Score

Your Score History

You have not taken this quiz